000 01594cam a22003495i 4500
999 _c27803
_d27774
001 4433930
003 EG-ScBUE
005 20191209102812.0
008 940720t19951995mauab f b 001 0 eng d
020 _a0201825309
020 _a9780201825305
040 _aDLC
_beng
_erda
_cDLC
_dDLC
_dEG-ScBUE
082 0 4 _a428.64
_bARR
_222
245 1 0 _aArrivals :
_bcross-cultural experiences in literature /
_c[selected by] Jann Huizenga, College of Santa Fe.
264 1 _a[Reading, Massachusetts] :
_bAddison-Wesley Publishing Company,
_c[1995]
264 4 _cc1995
300 _axi, 193 pages :
_billustrations, map ;
_c26 cm
336 _atext
_btxt
_2rdacontent
337 _aunmediated
_bn
_2rdamedia
338 _avolume
_bnc
_2rdacarrier
504 _aIncludes bibliographical references and index.
520 _a"Intermediate/High-Intermediate Level. Students will enjoy reading these absorbing stories, which will increase their ability to cope successfully with authentic text. Included are authentic selections from contemporary multicultural literature by Jamaica Kincaid, Sandra Cisneros, Andrei Codrescu, Richard Rodriguez, Liu Zongren and Hisaye Yamamoto."
650 7 _aEnglish language
_xTextbooks for foreign speakers.
_2BUEsh
650 7 _aMulticulturalism
_xProblems, exercises, etc.
_2BUEsh
650 7 _aMinorities
_xProblems, exercises, etc.
_2BUEsh
650 7 _aReaders
_xMulticulturalism.
_2BUEsh
_936741
650 7 _aReaders
_xMinorities.
_2BUEsh
653 _bHHUUEENN
_cNovember2019
655 _vReading book
700 1 _aHuizenga, Jann,
_ecompiler.
942 _2ddc
_cBB